000 00709nam a2200241 i 4500
001 C2-0279463
003 PPAK
005 20180728010653.0
008 070429s2006 nyu |||| ||||| | eng d
020 _a9780743276535
040 _aPPAK
_beng
_cPPAK
_erda
082 0 4 _a362.196834
_223
090 0 0 _a362.196834
_bDAV
_dG
100 1 _aDavis, Nancy,
_eauthor
245 1 0 _aLean on me :
_bten powerful steps to moving beyond your dianosis and taking back your life
264 1 _aNew York :
_bSimon & Schuster ,
_c2006
300 _a271 pages ;
_c21 cm
336 _2rdacontent
_atext
337 _2rdamedia
_aunmediated
338 _2rdacarrier
_avolume
650 1 0 _aSelf-care, Health.
942 _ddc
_cB
999 _c86102
_d86102